| 000 | 00434nam a2200157 a 4500 | ||
|---|---|---|---|
| 001 | 000031948 | ||
| 005 | 20200930063314.0 | ||
| 008 | 110211s1945 dr a 000 0 spa d | ||
| 040 |
_aDO-SdBNP _bspa _cBNPHU |
||
| 082 |
_axxxx _bC343p |
||
| 100 | 1 |
_aSantos Suriel, Pablo _957410 |
|
| 245 | 1 | 0 |
_aEl héroe olvidado / _cPablo Santos Suriel. |
| 260 |
_aSanto Domingo : _b[s. n.], _c[1945]. |
||
| 300 |
_a132 p. : ; _c18 cm. |
||
| 049 | _aBNPD | ||
| 999 |
_c31439 _d31439 |
||